00627 2200193 4500001002100000005001700021008004100038035002400079040001200103082001700115090002200132100002100154245012000175260004800295300002200343500003800365850001200403990001800415INLIS00000000002242520161108081136.0  0010-091600000000197 aYOPDYOG 223a658.1554 aSK 658.1554 Wah S aWAHIDAH YUNIARTI aStudi kelayakan tentang pemondokan untuk mahasiswa di Kecamatan Wirobrajan Kotamadya Yogyakartac/ Wahidah Yuniarti aYogyakartabUniversitas Proklamasi 45c1997 a51 hlm.c; 30 cm. aSkripsi Universitas Proklamasi 45 aYOPDYOG a45553-PD/A.12